[Event "DVM U20 2015"]
[Site "Osnabrück GER"]
[Date "2015.12.27"]
[Round "2"]
[White "Kramer, Julian"]
[Black "Holtel, Jasper"]
[Result "1/2-1/2"]
[Termination "normal"]
[Board "1.1"]
[WhiteTitle "FM"]
[BlackTitle "FM"]
[WhiteElo "2364"]
[BlackElo "2366"]
[WhiteTeam "Hamburger SK von 1830"]
[BlackTeam "SK Münster 32"]
[PlyCount "114"]
[WhiteFideId "12921742"]
[BlackFideId "12956376"]
[EventCountry "GER"]
[EventRounds "7"]
[EventType "team-swiss"]
[EventDate "2015.12.26"]

1. e4 c5 2. Nf3 d6 3. d4 cxd4 4. Nxd4 Nf6 5. Nc3 a6 6. Be2 e5 7. Nb3 Be7 8. O-O
Be6 9. f4 Qc7 10. g4 exf4 11. g5 Nfd7 12. Bxf4 Ne5 13. Nd4 O-O 14. Nf5 Rd8 15.
Nd5 Bxd5 16. Nxe7+ Qxe7 17. Qxd5 Nbc6 18. c3 Qc7 19. Kh1 Ne7 20. Qd4 N7g6 21.
Bg3 Qe7 22. Rf5 Rd7 23. Raf1 Rf8 24. Bd1 Nc6 25. Qd5 Qe8 26. Bb3 Nge5 27. Qd1
b5 28. Qe2 Ne7 29. R5f2 N7g6 30. h4 Nc4 31. h5 Nge5 32. h6 g6 33. Rf6 Re7 34.
Re1 Qd7 35. Kg2 Rfe8 36. Bd1 Qc7 37. b3 Nb6 38. Qd2 Nc8 39. Qd4 Re6 40. Rxe6
Rxe6 41. Be2 Ne7 42. Rd1 N7c6 43. Qd5 Qb8 44. a4 Ne7 45. Qd4 N7c6 46. Qd5 Ne7
47. Qd4 N7c6 48. Qd2 bxa4 49. b4 Qb7 50. Qd5 Qa7 51. Bf2 Qa8 52. Ra1 Qd8 53.
Be3 Ne7 54. Qd4 N7c6 55. Qd5 Ne7 56. Qd4 N7c6 57. Qd5 Ne7 1/2-1/2

[Event "DVM U20 2015"]
[Site "Osnabrück GER"]
[Date "2015.12.27"]
[Round "2"]
[White "Quante, Lennart"]
[Black "Uksini, Bardhyl"]
[Result "0-1"]
[Termination "normal"]
[Board "1.2"]
[WhiteElo "2111"]
[BlackElo "2311"]
[WhiteTeam "SK Münster 32"]
[BlackTeam "Hamburger SK von 1830"]
[PlyCount "52"]
[WhiteFideId "12979627"]
[BlackFideId "1628313"]
[EventCountry "GER"]
[EventRounds "7"]
[EventType "team-swiss"]
[EventDate "2015.12.26"]

1. d4 Nf6 2. c4 e6 3. Nc3 Bb4 4. Qc2 d5 5. cxd5 Qxd5 6. e3 c5 7. Bd2 Bxc3 8.
Bxc3 Nc6 9. Nf3 O-O 10. Be2 cxd4 11. exd4 b6 12. O-O Bb7 13. Rfd1 Rac8 14. Qd3
Rfd8 15. Ne1 Qd6 16. Bf3 Nd5 17. Nc2 Rc7 18. Ne3 Nxc3 19. bxc3 Ne5 20. Qe2
Nxf3+ 21. gxf3 Rxc3 22. d5 Bxd5 23. Nxd5 exd5 24. Rac1 Rxc1 25. Rxc1 d4 26. Re1
d3 0-1

[Event "DVM U20 2015"]
[Site "Osnabrück GER"]
[Date "2015.12.27"]
[Round "2"]
[White "Hinrichs, Lars"]
[Black "Baumann, Stephan"]
[Result "1/2-1/2"]
[Termination "normal"]
[Board "1.3"]
[WhiteElo "2251"]
[BlackElo "2001"]
[WhiteTeam "Hamburger SK von 1830"]
[BlackTeam "SK Münster 32"]
[PlyCount "78"]
[WhiteFideId "12921769"]
[BlackFideId "12990981"]
[EventCountry "GER"]
[EventRounds "7"]
[EventType "team-swiss"]
[EventDate "2015.12.26"]

1. e4 e5 2. Nf3 Nc6 3. Bc4 Nf6 4. d3 Be7 5. O-O O-O 6. Re1 d6 7. a4 Kh8 8. h3
Ng8 9. Nc3 f5 10. Nd5 Nf6 11. Ng5 Ng8 12. Nxe7 Qxe7 13. exf5 Bxf5 14. c3 Qf6
15. Be3 Rad8 16. Qf3 h6 17. Bxg8 Kxg8 18. Ne4 Qg6 19. Qg3 Qe6 20. b4 b6 21. b5
Ne7 22. f3 Nd5 23. Rac1 Nxe3 24. Rxe3 Qb3 25. c4 Qxa4 26. Qe1 Bxe4 27. dxe4 a5
28. Qc3 Qb4 29. Qxb4 axb4 30. Rb3 Ra8 31. Rxb4 Ra2 32. Rb3 Rfa8 33. Rbc3 Kf7
34. R3c2 Kg6 35. Kf2 Kf7 36. Ke3 Ke6 37. Kd3 Kd7 38. Rxa2 Rxa2 39. Rc2 Ra3+
1/2-1/2

[Event "DVM U20 2015"]
[Site "Osnabrück GER"]
[Date "2015.12.27"]
[Round "2"]
[White "Austrup, David"]
[Black "Grötzbach, Julian"]
[Result "1-0"]
[Termination "normal"]
[Board "1.4"]
[WhiteElo "1957"]
[BlackElo "2225"]
[WhiteTeam "SK Münster 32"]
[BlackTeam "Hamburger SK von 1830"]
[PlyCount "83"]
[WhiteFideId "12996890"]
[BlackFideId "24600938"]
[EventCountry "GER"]
[EventRounds "7"]
[EventType "team-swiss"]
[EventDate "2015.12.26"]

1. e4 c5 2. d4 cxd4 3. c3 dxc3 4. Nxc3 Nc6 5. Nf3 a6 6. Bc4 d6 7. O-O e6 8. Qe2
Be7 9. Rd1 Bd7 10. Bf4 e5 11. Be3 Nf6 12. a3 O-O 13. h3 Rc8 14. Rac1 Be6 15.
Bxe6 fxe6 16. Na4 Nd7 17. Nc3 Na5 18. b4 Nc4 19. Qa2 Rf6 20. Bg5 Rg6 21. Bxe7
Qxe7 22. b5 Ncb6 23. Qd2 Nc4 24. Qa2 Ndb6 25. bxa6 bxa6 26. a4 a5 27. Rd3 Qf7
28. Rcd1 h6 29. Nd2 Nxd2 30. Qxd2 Nc4 31. Qe2 Rc6 32. Nb5 Qe7 33. Rc3 d5 34.
exd5 exd5 35. Rxd5 Qg5 36. g3 Nb6 37. Rxe5 Qf6 38. Rf3 Rc1+ 39. Kh2 Qc6 40. Nd4
Qxa4 41. Re8+ Kh7 42. Rff8 1-0

[Event "DVM U20 2015"]
[Site "Osnabrück GER"]
[Date "2015.12.27"]
[Round "2"]
[White "Grötzbach, Daniel"]
[Black "Haberkamp, Carl"]
[Result "1-0"]
[Termination "normal"]
[Board "1.5"]
[WhiteElo "2050"]
[BlackElo "1932"]
[WhiteTeam "Hamburger SK von 1830"]
[BlackTeam "SK Münster 32"]
[PlyCount "95"]
[WhiteFideId "24692166"]
[BlackFideId "12959766"]
[EventCountry "GER"]
[EventRounds "7"]
[EventType "team-swiss"]
[EventDate "2015.12.26"]

1. e4 c6 2. d4 d5 3. Nc3 dxe4 4. Nxe4 Bf5 5. Ng3 Bg6 6. Nh3 h6 7. Nf4 Bh7 8.
Bc4 Nf6 9. c3 e6 10. O-O Nd5 11. Ngh5 Nd7 12. Re1 N7b6 13. Bb3 Qd7 14. Nd3 Bxd3
15. Qxd3 O-O-O 16. Ng3 Bd6 17. Qf3 Nf6 18. a3 Bb8 19. Bf4 Nbd5 20. Bxb8 Kxb8
21. Rad1 Rhe8 22. Nf1 Qc7 23. Ne3 Re7 24. Nc4 Qf4 25. Qxf4+ Nxf4 26. g3 N4d5
27. Ne5 Rde8 28. Nc4 Rd8 29. Ne5 Rde8 30. Nc4 Rd8 31. h3 Kc7 32. Kg2 Rde8 33.
f4 Rd7 34. Ne5 Rde7 35. Re2 g6 36. Rde1 Kd8 37. Kf3 Nh5 38. Rd2 Kc8 39. Nc4 Rd8
40. Ne5 Rde8 41. Rde2 Rd8 42. Ng4 Rh8 43. c4 Nc7 44. d5 Rd8 45. Rd1 cxd5 46.
cxd5 Red7 47. Ne5 Re7 48. d6 1-0

[Event "DVM U20 2015"]
[Site "Osnabrück GER"]
[Date "2015.12.27"]
[Round "2"]
[White "Altgelt, Max"]
[Black "Elbracht, Michael"]
[Result "1/2-1/2"]
[Termination "normal"]
[Board "1.6"]
[WhiteElo "1794"]
[BlackElo "2079"]
[WhiteTeam "SK Münster 32"]
[BlackTeam "Hamburger SK von 1830"]
[PlyCount "87"]
[WhiteFideId "12938602"]
[BlackFideId "12945595"]
[EventCountry "GER"]
[EventRounds "7"]
[EventType "team-swiss"]
[EventDate "2015.12.26"]

1. e4 c5 2. Nf3 e6 3. b3 a6 4. Bb2 b5 5. d4 cxd4 6. Nxd4 Bb7 7. Nd2 Nf6 8. e5
Nd5 9. N2f3 Nc6 10. g3 Bb4+ 11. Ke2 Nc3+ 12. Bxc3 Bxc3 13. Nxc6 Bxc6 14. Rc1
Bb2 15. Rb1 Bxf3+ 16. Kxf3 Bxe5 17. Kg2 h5 18. c4 b4 19. Be2 h4 20. Re1 Bc3 21.
Rf1 Qc7 22. Qd3 Ke7 23. Rbd1 a5 24. f4 f5 25. Bf3 Rag8 26. g4 g6 27. g5 Rd8 28.
Qe3 Kf7 29. Rd3 Bg7 30. Rfd1 h3+ 31. Kg3 e5 32. Rd6 e4 33. Be2 Bc3 34. Bf1 Rhe8
35. c5 Re7 36. Bc4+ Kg7 37. Kxh3 Rc8 38. R6d5 Qd8 39. Kg2 Rc7 40. Rc1 Qh8 41.
Rxc3 bxc3 42. Qxc3+ Kh7 43. Qh3+ Kg7 44. Qc3+ 1/2-1/2

[Event "DVM U20 2015"]
[Site "Osnabrück GER"]
[Date "2015.12.27"]
[Round "2"]
[White "Martin, Julian"]
[Black "Pauly, Carlo"]
[Result "1/2-1/2"]
[Termination "normal"]
[Board "2.1"]
[WhiteElo "2171"]
[BlackElo "2266"]
[WhiteTeam "OSG Baden-Baden"]
[BlackTeam "SG Porz"]
[PlyCount "66"]
[WhiteFideId "12941000"]
[BlackFideId "24673269"]
[EventCountry "GER"]
[EventRounds "7"]
[EventType "team-swiss"]
[EventDate "2015.12.26"]

1. e4 c5 2. Nf3 d6 3. d4 cxd4 4. Nxd4 Nf6 5. Nc3 a6 6. Be3 e6 7. g4 h6 8. Bg2
e5 9. Nf5 g6 10. Qe2 gxf5 11. exf5 Nc6 12. O-O-O Be7 13. h4 h5 14. f3 Qa5 15.
g5 Nd7 16. f4 Nb6 17. Rhf1 Bd7 18. Bxc6 Bxc6 19. fxe5 O-O-O 20. f6 Bf8 21. e6
fxe6 22. g6 Nd5 23. Nxd5 Bxd5 24. g7 Bxg7 25. fxg7 Rhg8 26. Bg5 Rde8 27. a3
Rxg7 28. Qxh5 Qa4 29. Rf4 Qc6 30. Rd3 Kb8 31. Rf7 Rgg8 32. Rc3 Qb5 33. Rf2 Ref8
1/2-1/2

[Event "DVM U20 2015"]
[Site "Osnabrück GER"]
[Date "2015.12.27"]
[Round "2"]
[White "Xu, Xianliang"]
[Black "Becker, Dirk"]
[Result "1-0"]
[Termination "normal"]
[Board "2.2"]
[WhiteTitle "FM"]
[WhiteElo "2286"]
[BlackElo "2212"]
[WhiteTeam "SG Porz"]
[BlackTeam "OSG Baden-Baden"]
[PlyCount "149"]
[WhiteFideId "4603230"]
[BlackFideId "12938564"]
[EventCountry "GER"]
[EventRounds "7"]
[EventType "team-swiss"]
[EventDate "2015.12.26"]

1. e4 e5 2. Nf3 Nc6 3. c3 d5 4. exd5 Qxd5 5. d4 exd4 6. cxd4 Bg4 7. Be2 Bb4+ 8.
Nc3 Bxf3 9. Bxf3 Qc4 10. Bxc6+ bxc6 11. Qe2+ Qxe2+ 12. Kxe2 O-O-O 13. Be3 Ne7
14. Rhd1 Rhe8 15. Rd3 Ba5 16. Rad1 Nd5 17. Nxd5 Rxd5 18. a3 Bb6 19. b4 a5 20.
bxa5 Rxa5 21. Rc1 Kb7 22. Kf1 Rd5 23. Rdc3 Ra8 24. Rb3 Rb5 25. Rbc3 Rd5 26. Rb3
Re8 27. g3 Re6 28. Rc5 Ka6 29. Rc4 h6 30. h4 g5 31. hxg5 hxg5 32. Rb1 Ra5 33.
Rb3 Rd6 34. Kg2 Rf5 35. Rb1 Ra5 36. Rb3 f6 37. Kf3 Re6 38. Kg2 Rb5 39. Rbc3 Kb7
40. Kf3 Rd5 41. Rb3 Kc8 42. Rb1 Red6 43. Rbb4 Kd7 44. Ra4 Ke6 45. Rc1 Rb5 46.
Rc3 Kd5 47. Rac4 Rb2 48. Ra4 Rb1 49. Rac4 Rh1 50. Rc2 Rd1 51. Ke2 Rb1 52. Kd3
Rb3+ 53. R4c3 Rxc3+ 54. Rxc3 Rd8 55. Rc4 Ra8 56. a4 Re8 57. a5 Ba7 58. Rb4 Rb8
59. Rxb8 Bxb8 60. g4 Ba7 61. a6 Bb8 62. f4 gxf4 63. Bxf4 Ba7 64. Bxc7 c5 65.
dxc5 Kxc5 66. Bf4 Kd5 67. Be3 Bb8 68. a7 Bxa7 69. Bxa7 Ke5 70. Bb8+ Ke6 71. Ke4
Kf7 72. Kf5 Kg7 73. Ba7 Kf7 74. Bd4 Kg7 75. g5 1-0

[Event "DVM U20 2015"]
[Site "Osnabrück GER"]
[Date "2015.12.27"]
[Round "2"]
[White "Martin, Richard"]
[Black "Sabirov, Ramil"]
[Result "1/2-1/2"]
[Termination "normal"]
[Board "2.3"]
[WhiteElo "2005"]
[BlackElo "1977"]
[WhiteTeam "OSG Baden-Baden"]
[BlackTeam "SG Porz"]
[PlyCount "56"]
[WhiteFideId "12925691"]
[BlackFideId "12900303"]
[EventCountry "GER"]
[EventRounds "7"]
[EventType "team-swiss"]
[EventDate "2015.12.26"]

1. e4 c5 2. c3 Nf6 3. e5 Nd5 4. Nf3 e6 5. Bc4 Nc6 6. O-O d6 7. d4 cxd4 8. cxd4
Be7 9. Qe2 O-O 10. Bd2 dxe5 11. dxe5 Qb6 12. Nc3 Nxc3 13. Bxc3 Rd8 14. Rfd1 Bd7
15. Qe4 Nb4 16. Bxb4 Qxb4 17. Bd3 Qxe4 18. Bxe4 Rac8 19. Rac1 b6 20. g3 Be8 21.
Kg2 Bc5 22. Nd4 h6 23. Nb3 Rxd1 24. Rxd1 Be7 25. Rc1 Rxc1 26. Nxc1 Kf8 27. Nd3
Bb5 28. f4 Bxd3 1/2-1/2

[Event "DVM U20 2015"]
[Site "Osnabrück GER"]
[Date "2015.12.27"]
[Round "2"]
[White "Eigemann, Frederik"]
[Black "Steimbach, Isabel"]
[Result "0-1"]
[Termination "normal"]
[Board "2.4"]
[WhiteElo "2011"]
[BlackElo "1974"]
[WhiteTeam "SG Porz"]
[BlackTeam "OSG Baden-Baden"]
[PlyCount "70"]
[WhiteFideId "24692034"]
[BlackFideId "24692174"]
[EventCountry "GER"]
[EventRounds "7"]
[EventType "team-swiss"]
[EventDate "2015.12.26"]

1. d4 d5 2. c4 e6 3. Nc3 Nf6 4. cxd5 exd5 5. Bg5 Be7 6. Qc2 c6 7. e3 Nbd7 8.
Bd3 Nh5 9. Bxe7 Qxe7 10. Nge2 g6 11. O-O-O Nb6 12. Ng3 Ng7 13. Rhe1 Ne6 14. f3
O-O 15. Qf2 c5 16. Nge2 c4 17. Bc2 Bd7 18. e4 Bc6 19. h4 Qc7 20. h5 a5 21. Rh1
a4 22. a3 Nf4 23. e5 Nxh5 24. Rxh5 gxh5 25. Qh4 f5 26. exf6 Qf7 27. Rh1 Be8 28.
Qg5+ Kh8 29. Rxh5 Rg8 30. Rxh7+ Qxh7 31. Qe5 Qh6+ 32. Nf4 Bf7 33. Kb1 Nd7 34.
Qf5 Nxf6 35. Nfxd5 Bxd5 0-1

[Event "DVM U20 2015"]
[Site "Osnabrück GER"]
[Date "2015.12.27"]
[Round "2"]
[White "Jurga, Jonas Vincent"]
[Black "Spindler, Florian"]
[Result "0-1"]
[Termination "normal"]
[Board "2.5"]
[WhiteElo "1933"]
[BlackElo "1794"]
[WhiteTeam "OSG Baden-Baden"]
[BlackTeam "SG Porz"]
[PlyCount "66"]
[WhiteFideId "12968013"]
[BlackFideId "12964387"]
[EventCountry "GER"]
[EventRounds "7"]
[EventType "team-swiss"]
[EventDate "2015.12.26"]

1. e4 c5 2. Nf3 e6 3. d4 cxd4 4. Nxd4 Nf6 5. Bd3 Nc6 6. Nxc6 bxc6 7. c4 d5 8.
cxd5 cxd5 9. Bb5+ Bd7 10. Bxd7+ Qxd7 11. exd5 Nxd5 12. O-O Bc5 13. Bd2 O-O 14.
Nc3 Rab8 15. Rb1 Rfd8 16. a3 Qb7 17. Qc2 Rbc8 18. Qe4 Qb3 19. Rfc1 Nb6 20. Be1
Bd4 21. g3 f5 22. Qe2 e5 23. h4 e4 24. Bd2 Nc4 25. Bg5 Re8 26. Nd5 Rc5 27. Ne7+
Kf7 28. Qh5+ Kf8 29. Rd1 Qxg3+ 30. Kh1 Qh3+ 31. Kg1 Qg3+ 32. Kh1 Qh3+ 33. Kg1
Ne5 0-1

[Event "DVM U20 2015"]
[Site "Osnabrück GER"]
[Date "2015.12.27"]
[Round "2"]
[White "Padva, Leo"]
[Black "Toptschiev, David"]
[Result "1-0"]
[Termination "normal"]
[Board "2.6"]
[WhiteElo "1820"]
[BlackElo "1869"]
[WhiteTeam "SG Porz"]
[BlackTeam "OSG Baden-Baden"]
[PlyCount "29"]
[WhiteFideId "12964379"]
[BlackFideId "12968005"]
[EventCountry "GER"]
[EventRounds "7"]
[EventType "team-swiss"]
[EventDate "2015.12.26"]

1. e4 c5 2. Nc3 Nc6 3. Bb5 d6 4. Bxc6+ bxc6 5. f4 g6 6. Nf3 Bg7 7. O-O e6 8. d3
Qb6 9. Na4 Qc7 10. Be3 Rb8 11. c3 f5 12. e5 dxe5 13. fxe5 Bxe5 14. Nxe5 Qxe5
15. Bf4 1-0

[Event "DVM U20 2015"]
[Site "Osnabrück GER"]
[Date "2015.12.27"]
[Round "2"]
[White "Bergauz, Noam"]
[Black "Kieslich, Aaron"]
[Result "1-0"]
[Termination "normal"]
[Board "3.1"]
[WhiteElo "2286"]
[BlackElo "2007"]
[WhiteTeam "SK München Südost"]
[BlackTeam "TuS Coswig 1920"]
[PlyCount "89"]
[WhiteFideId "12938033"]
[BlackFideId "1270391"]
[EventCountry "GER"]
[EventRounds "7"]
[EventType "team-swiss"]
[EventDate "2015.12.26"]

1. e4 c5 2. Nf3 d6 3. d4 cxd4 4. Nxd4 Nf6 5. Nc3 a6 6. h3 e6 7. g4 d5 8. Nde2
Bb4 9. a3 Bxc3+ 10. Nxc3 d4 11. Ne2 e5 12. Bg2 Nc6 13. O-O b5 14. f4 Qb6 15.
Qd3 Be6 16. b3 exf4 17. Bxf4 Nd7 18. Kh1 O-O 19. Rad1 Nc5 20. Qg3 d3 21. cxd3
Bxb3 22. Rc1 Ne6 23. Be3 Ncd4 24. Qf2 Rad8 25. Rc3 Qa5 26. Rfc1 Nxe2 27. Qxe2
Ba4 28. Qf2 b4 29. axb4 Qxb4 30. d4 Rfe8 31. d5 Nf8 32. Rc4 Qb3 33. Bb6 Rd7 34.
Rc8 Rxc8 35. Rxc8 f6 36. Bc5 Rf7 37. e5 Qb7 38. Rxf8+ Rxf8 39. Bxf8 Kxf8 40.
exf6 Qb1+ 41. Kh2 Qb8+ 42. Kg1 Qb1+ 43. Bf1 Bb5 44. Qc5+ Kg8 45. Qc8+ 1-0

[Event "DVM U20 2015"]
[Site "Osnabrück GER"]
[Date "2015.12.27"]
[Round "2"]
[White "Leeb, Simon"]
[Black "Merker, Konstantin"]
[Result "1-0"]
[Termination "normal"]
[Board "3.3"]
[WhiteElo "2077"]
[BlackElo "1801"]
[WhiteTeam "SK München Südost"]
[BlackTeam "TuS Coswig 1920"]
[PlyCount "77"]
[WhiteFideId "12924768"]
[BlackFideId "12964239"]
[EventCountry "GER"]
[EventRounds "7"]
[EventType "team-swiss"]
[EventDate "2015.12.26"]

1. d4 Nf6 2. c4 g6 3. Nc3 Bg7 4. e4 d6 5. Be2 O-O 6. Bg5 c5 7. d5 e6 8. Nf3
exd5 9. cxd5 Re8 10. O-O Qb6 11. Qc2 Nbd7 12. Nd2 a6 13. h3 Qc7 14. a4 Rb8 15.
Rfe1 h6 16. Bf4 Ne5 17. Bh2 g5 18. Bf1 Bd7 19. a5 Nh5 20. Ne2 Bb5 21. Ng3 Nxg3
22. Bxg3 c4 23. Re3 Rec8 24. Nf3 Nxf3+ 25. Rxf3 b6 26. axb6 Rxb6 27. Re1 Qc5
28. e5 dxe5 29. Qf5 Rf8 30. h4 gxh4 31. Bxh4 Qxd5 32. Rg3 Kh8 33. Qh5 Qe6 34.
f4 e4 35. f5 Qe5 36. Rg4 Qxb2 37. Rexe4 c3 38. f6 Rxf6 39. Bxf6 1-0

[Event "DVM U20 2015"]
[Site "Osnabrück GER"]
[Date "2015.12.27"]
[Round "2"]
[White "von Koslowski, Utz"]
[Black "Stadler, Andreas"]
[Result "1/2-1/2"]
[Termination "normal"]
[Board "3.4"]
[WhiteElo "1954"]
[BlackElo "1974"]
[WhiteTeam "TuS Coswig 1920"]
[BlackTeam "SK München Südost"]
[PlyCount "83"]
[WhiteFideId "12964247"]
[BlackFideId "24697648"]
[EventCountry "GER"]
[EventRounds "7"]
[EventType "team-swiss"]
[EventDate "2015.12.26"]

1. Nf3 e6 2. d4 d5 3. g3 Bd6 4. Bg2 Nf6 5. O-O O-O 6. b3 Nbd7 7. Bb2 c6 8. Nbd2
Qc7 9. c4 Re8 10. Rc1 Qb8 11. Qc2 e5 12. dxe5 Nxe5 13. e3 Be6 14. c5 Bc7 15.
Nd4 Qc8 16. Nxe6 Qxe6 17. Bd4 Qe7 18. Rb1 Ng6 19. b4 a6 20. a4 Be5 21. Nf3 Bxd4
22. Nxd4 Ne5 23. Rfe1 Nc4 24. Rb3 a5 25. Bf1 axb4 26. Bxc4 dxc4 27. Rxb4 Qxc5
28. Rxc4 Qh5 29. Rb1 Ra7 30. Qf5 Qxf5 31. Nxf5 Re4 32. Rc5 g6 33. Nd6 Rexa4 34.
Rxb7 Rxb7 35. Nxb7 Ne4 36. Rxc6 Ra2 37. f3 Ra1+ 38. Kg2 Ra2+ 39. Kh3 Nf2+ 40.
Kh4 Nd1 41. Kg5 Kg7 42. Kf4 1/2-1/2

[Event "DVM U20 2015"]
[Site "Osnabrück GER"]
[Date "2015.12.27"]
[Round "2"]
[White "Leeb, Jonas"]
[Black "Moses, Selina"]
[Result "1/2-1/2"]
[Termination "normal"]
[Board "3.5"]
[WhiteElo "1905"]
[BlackElo "1808"]
[WhiteTeam "SK München Südost"]
[BlackTeam "TuS Coswig 1920"]
[PlyCount "87"]
[WhiteFideId "12924750"]
[BlackFideId "12908070"]
[EventCountry "GER"]
[EventRounds "7"]
[EventType "team-swiss"]
[EventDate "2015.12.26"]

1. c4 e5 2. g3 Nf6 3. Bg2 d5 4. cxd5 Nxd5 5. Nc3 Nb6 6. Nf3 Nc6 7. O-O Be7 8.
e3 O-O 9. d4 exd4 10. Nxd4 Nxd4 11. exd4 Bf6 12. Be3 c6 13. Ne4 Be7 14. Rc1 Bf5
15. Nc5 Qc8 16. b3 Rd8 17. Qf3 Be6 18. Nxe6 Qxe6 19. Qe4 Qxe4 20. Bxe4 Bf6 21.
Rfd1 Nd5 22. Bf3 Rd6 23. Rc5 Rad8 24. Kf1 Nb6 25. d5 Nxd5 26. Bxd5 cxd5 27. Rc7
d4 28. Bf4 R6d7 29. Rdc1 Kf8 30. Ke2 Ke7 31. Kd3 Rxc7 32. Rxc7+ Rd7 33. Rxd7+
Kxd7 34. Bb8 b6 35. b4 Kc6 36. Kc4 a6 37. a3 h5 38. h4 g6 39. Bf4 b5+ 40. Kd3
Kd5 41. Bc1 Bd8 42. Bb2 Bb6 43. Bc1 f6 44. Bh6 1/2-1/2

[Event "DVM U20 2015"]
[Site "Osnabrück GER"]
[Date "2015.12.27"]
[Round "2"]
[White "Pührer, Anne"]
[Black "Komarov, Jan"]
[Result "0-1"]
[Termination "normal"]
[Board "3.6"]
[WhiteElo "1738"]
[BlackElo "1841"]
[WhiteTeam "TuS Coswig 1920"]
[BlackTeam "SK München Südost"]
[PlyCount "57"]
[WhiteFideId "24692247"]
[BlackFideId "12959430"]
[EventCountry "GER"]
[EventRounds "7"]
[EventType "team-swiss"]
[EventDate "2015.12.26"]

1. e4 c5 2. Nf3 d6 3. d4 cxd4 4. Nxd4 Nf6 5. Nc3 a6 6. Bg5 Nbd7 7. f4 e6 8. Qf3
Qc7 9. O-O-O Be7 10. Bd3 O-O 11. g4 Nc5 12. Kb1 Nxd3 13. cxd3 b5 14. Rc1 Qb6
15. Nde2 Bb7 16. Qg3 Rfc8 17. Qg1 Qa5 18. Bxf6 Bxf6 19. Qe3 b4 20. Nd1 d5 21.
Rf1 dxe4 22. dxe4 Rxc1+ 23. Nxc1 Rc8 24. e5 Qc7 25. Nf2 Bh4 26. Nfd3 Qc2+ 27.
Ka1 a5 28. Qh3 Bg2 29. Rh1 0-1

[Event "DVM U20 2015"]
[Site "Osnabrück GER"]
[Date "2015.12.27"]
[Round "2"]
[White "Flüchter, Gregor"]
[Black "Beeck, Mats"]
[Result "1-0"]
[Termination "normal"]
[Board "4.1"]
[WhiteElo "2189"]
[BlackElo "2125"]
[WhiteTeam "SF Brackel 1930"]
[BlackTeam "SK Doppelbauer Kiel"]
[PlyCount "80"]
[WhiteFideId "12903396"]
[BlackFideId "12936944"]
[EventCountry "GER"]
[EventRounds "7"]
[EventType "team-swiss"]
[EventDate "2015.12.26"]

1. e4 c5 2. f4 d5 3. exd5 Nf6 4. Bb5+ Nbd7 5. Nf3 Nxd5 6. c4 N5f6 7. Nc3 e6 8.
O-O Be7 9. d3 O-O 10. Ba4 Qc7 11. Qe2 a6 12. Ne4 b6 13. Bd2 Bb7 14. Bc3 Rad8
15. Ne5 Nxe4 16. dxe4 Nxe5 17. fxe5 b5 18. cxb5 c4 19. bxa6 Bxa6 20. Kh1 Bc5
21. Rad1 Rxd1 22. Rxd1 Rd8 23. Rxd8+ Qxd8 24. Bc2 Qd7 25. Qd2 Qxd2 26. Bxd2 Kf8
27. g3 Bb6 28. Kg2 Bd4 29. Bc3 Bc5 30. Kf3 Ke7 31. Bd1 f5 32. exf6+ gxf6 33.
Be2 f5 34. exf5 exf5 35. Kf4 Ke6 36. h3 Bd6+ 37. Kg5 Be7+ 38. Kf4 Bd6+ 39. Ke3
Be5 40. Bd4 Kd5 1-0

[Event "DVM U20 2015"]
[Site "Osnabrück GER"]
[Date "2015.12.27"]
[Round "2"]
[White "Pluska, Alexander"]
[Black "Reisberg, Andre"]
[Result "1-0"]
[Termination "normal"]
[Board "4.2"]
[WhiteElo "2089"]
[BlackElo "1995"]
[WhiteTeam "SK Doppelbauer Kiel"]
[BlackTeam "SF Brackel 1930"]
[PlyCount "33"]
[WhiteFideId "12975141"]
[BlackFideId "1270630"]
[EventCountry "GER"]
[EventRounds "7"]
[EventType "team-swiss"]
[EventDate "2015.12.26"]

1. d4 d5 2. Nf3 Nf6 3. c4 c6 4. Nc3 e6 5. Bg5 h6 6. Bh4 dxc4 7. e4 g5 8. Bg3 b5
9. Be2 Be7 10. O-O Bb7 11. Ne5 Nbd7 12. Nxf7 Kxf7 13. e5 Nd5 14. Bh5+ Kg7 15.
Qg4 N7f6 16. exf6+ Bxf6 17. Qe4 1-0

[Event "DVM U20 2015"]
[Site "Osnabrück GER"]
[Date "2015.12.27"]
[Round "2"]
[White "Birnkraut, Tim"]
[Black "Hopson, Kevin Mike"]
[Result "1/2-1/2"]
[Termination "normal"]
[Board "4.3"]
[WhiteElo "1892"]
[BlackElo "1911"]
[WhiteTeam "SF Brackel 1930"]
[BlackTeam "SK Doppelbauer Kiel"]
[PlyCount "134"]
[WhiteFideId "24609587"]
[BlackFideId "12909238"]
[EventCountry "GER"]
[EventRounds "7"]
[EventType "team-swiss"]
[EventDate "2015.12.26"]

1. e4 e5 2. Nf3 Nc6 3. Bc4 Bc5 4. c3 Nf6 5. d4 exd4 6. e5 d5 7. Be2 Ne4 8. cxd4
Bb6 9. O-O O-O 10. Nc3 f5 11. exf6 Nxf6 12. Be3 Bg4 13. a3 Ne7 14. Na4 Bxf3 15.
Bxf3 Nf5 16. Re1 Qd7 17. Rc1 Rae8 18. Nxb6 axb6 19. Bf4 c6 20. Be5 Nd6 21. Qb3
Nc4 22. Qb4 c5 23. Bxd5+ Qxd5 24. Qxc4 Qxc4 25. Rxc4 Nd7 26. Rcc1 Nxe5 27. Rxe5
cxd4 28. Rxe8 Rxe8 29. Kf1 Kf7 30. Rc4 d3 31. Rd4 Re2 32. Rxd3 Rxb2 33. Rd7+
Kg8 34. Rxb7 Ra2 35. Rxb6 Rxa3 36. g3 Kf7 37. Kg2 Rc3 38. Rb4 Kg6 39. Kh3 Rf3
40. Kg2 Rc3 41. Rf4 Rc1 42. Kf3 Rc3+ 43. Kg4 Rc5 44. h4 Ra5 45. Kh3 Ra3 46. f3
h5 47. g4 hxg4+ 48. Kxg4 Ra1 49. Kh3 Rh1+ 50. Kg2 Rb1 51. Rg4+ Kh7 52. Kg3 Rb3
53. Rc4 Rb6 54. Rc5 Rb4 55. f4 Rb3+ 56. Kg4 Rb1 57. Rh5+ Kg6 58. Rg5+ Kh7 59.
f5 Rb4+ 60. Kh3 Rb3+ 61. Rg3 Rb4 62. Rf3 Kh6 63. Rg3 Rf4 64. Rg5 Rb4 65. Rg6+
Kh7 66. Rg4 Rb3+ 67. Rg3 Rb4 1/2-1/2

[Event "DVM U20 2015"]
[Site "Osnabrück GER"]
[Date "2015.12.27"]
[Round "2"]
[White "Wanner, Lukas"]
[Black "Stemmler, Fabian"]
[Result "1-0"]
[Termination "normal"]
[Board "4.4"]
[WhiteElo "2110"]
[BlackElo "1952"]
[WhiteTeam "SK Doppelbauer Kiel"]
[BlackTeam "SF Brackel 1930"]
[PlyCount "107"]
[WhiteFideId "12918148"]
[BlackFideId "12964808"]
[EventCountry "GER"]
[EventRounds "7"]
[EventType "team-swiss"]
[EventDate "2015.12.26"]

1. d4 g6 2. Nf3 Bg7 3. c4 d6 4. Nc3 c5 5. e4 cxd4 6. Nxd4 Nc6 7. Be3 Nf6 8. f3
Bd7 9. Be2 a6 10. O-O O-O 11. Rc1 Rc8 12. Nxc6 Rxc6 13. Qd2 Qb8 14. Rfd1 b5 15.
b3 b4 16. Nd5 Nxd5 17. exd5 Rc7 18. Bd4 Bxd4+ 19. Qxd4 Qa7 20. Qxa7 Rxa7 21. c5
dxc5 22. Rxc5 Rc8 23. Rdc1 Rxc5 24. Rxc5 Kg7 25. Kf2 Kf6 26. Ke3 Ke5 27. f4+
Kd6 28. Kd4 f6 29. Bc4 Ra8 30. h3 h6 31. Bd3 g5 32. fxg5 hxg5 33. Ra5 Bc8 34.
g4 Bb7 35. Kc4 Rb8 36. Kd4 Ra8 37. Bf5 Rh8 38. Ra4 Rxh3 39. Rxb4 Kc7 40. Rc4+
Kd6 41. Rb4 Kc7 42. Kc5 Rh2 43. a4 Rb2 44. Re4 Kd8 45. Re3 Rd2 46. Be6 Kc7 47.
Rc3 Rd1 48. b4 Ra1 49. b5 axb5 50. axb5 Rb1 51. Bf5 Rb2 52. Re3 Kd8 53. Rh3 Rd2
54. Rh8+ 1-0